00440nam a2200133Ia 4500003000900000008004100009040001600050080001700066100001700083245015000100260002800250300001600278650001200294IN-BaIIA211028s9999 xx 000 0 eng d cIIA Library a530.1bJAR-3 aJardine, Jim 0aPhysics is funbvol. 3, an introductory course for secondary schools in four volumescJim Jardine  aLondonbHeinemannc1966 aviii, 168p. aPhysics